00679nam a2200205 b 4500003000500000005001700005008004100022020002300063040001400086041001500100082001400115100002400129245004300153260003600196300004900232490002800281500007000309650005600379700003800435322820250718111836.0210817s9999 xx a 000 1 und d a9780716616221qhbk aRDAc3228 2EaEnglish aEKF RAPP  aRappoport, Bernice  0aOutside my window /cBernice Rappoport aChicago : bWorld Book, c2004. a 32 pages : bcolor illustrations ; c27 cm. a Early literacy library aProvides facts and information about a variety of common insects. vLiterature xInsects xJuvenile worksxEntomology aJohnson, Pamela G. e illustrator